|
|
|
|
| LEADER |
00000cam a2200000 a 4500 |
| 001 |
vtls001225370 |
| 003 |
SK-MaSNL |
| 005 |
20260301064008.0 |
| 008 |
240226s1996 xo a r 000 0 cze |
| 015 |
|
|
|a SNBA1997/0501490
|
| 020 |
|
|
|a 8007008608
|
| 035 |
|
|
|a SNK000172355
|
| 035 |
|
|
|a urn:nbn:sk:snk-amltdt
|
| 035 |
|
|
|a urn:nbn:sk:snk-am00cdiw
|
| 035 |
|
|
|a C1B8D717-3E89-4E37-8A92-E3154D7316AE
|
| 040 |
|
|
|a SNK
|b slo
|c SNK
|e AACR2
|
| 041 |
1 |
|
|a cze
|h eng
|
| 044 |
|
|
|a xo
|c SK
|
| 080 |
|
|
|a 746.5(035)=850
|2 1981
|
| 100 |
1 |
|
|a Everett, Felicity
|4 aut
|9 216539
|
| 240 |
1 |
0 |
|a Make your own jewellery
|l Česky
|
| 245 |
1 |
|
|a Udělej si bižuterii
|c Felicity Everettová a Carol Garberová ; ilustrovali Lily Whitlocková a Chris Lyonová ; [preklad Ivo Lapeš]
|
| 260 |
|
|
|a Bratislava
|b Príroda
|c c1996
|
| 300 |
|
|
|a 31 s.
|b Fotogr., fareb. ilustr., sch.
|c 26 cm
|
| 490 |
1 |
|
|a Najdi si svůj styl
|
| 500 |
|
|
|a Preložené z angličtiny
|
| 650 |
0 |
7 |
|a bižutéria
|2 SNKPH
|9 30003
|
| 655 |
|
7 |
|a príručky
|2 SNKPH
|9 74364
|
| 700 |
1 |
|
|a Garber, Carol
|4 aut
|9 43848
|
| 700 |
1 |
|
|a Whitlock, Lily
|4 ill
|9 47755
|
| 700 |
1 |
|
|a Lyon, Chris
|4 ill
|9 45422
|
| 700 |
1 |
|
|a Lapeš, Ivo
|4 trl
|9 45231
|
| 830 |
|
0 |
|a Najdi si svůj styl
|9 284233
|
| 919 |
|
|
|a 80-07-00860-8
|
| 954 |
|
|
|a iná literatúra (príručky, kuchárske knihy, hobby literatúra, sprievodcovia) cudzojazyčná (svetová)
|2 lita
|
| 958 |
|
|
|a TL
|
| 958 |
|
|
|a OP
|
| 958 |
|
|
|a GB
|
| 958 |
|
|
|a NS
|
| 958 |
|
|
|a CZ
|
| 968 |
|
|
|a Čes
|b ENG
|
| 999 |
|
|
|c 625513
|d 627443
|
| 952 |
|
|
|t P60, <09>, [BOOK], {629}
|a SNK
|b SNK
|y NEVYP
|7 0
|o snkB 94
|i snk310/970127
|0 0
|1 0
|4 0
|d 1997-01-28
|l 0
|r 2005-01-01 00:00:00
|w 2026-02-23
|
| 952 |
|
|
|t P60, <03>, [BOOK], {603}
|a SNK
|b SNK
|y PREZ
|7 0
|p 17A0037037
|o snkSB 56544
|i snkKSP 1573/97
|0 0
|1 0
|4 0
|d 1997-02-24
|f 1
|l 0
|r 2025-04-02 00:00:00
|w 2026-02-23
|
| 952 |
|
|
|t P60, <04>, [BOOK], {604}
|a SNK
|b SNK
|y VYP
|7 0
|p 17A0037038
|o snkSB 56544 D1
|i snkKSP 1574/97
|0 0
|1 0
|4 0
|d 1997-02-24
|l 0
|r 2005-01-01 00:00:00
|w 2026-02-23
|